Medios electrn̤icos en materia fiscal La eliminacin̤ del papel /

Detalles Bibliográficos
Autor principal: Maca̕s Valadez Treviǫ, Francisco Javier
Formato: eBook
Lenguaje:español
Publicado: Mx̌ico DF: Instituto Mexicano de Contadores Pb︢licos, 2017
Materias:
Acceso en línea:Acceso restringido

MARC

LEADER 00000nam a22000007a 4500
005 20180224130613.0
007 cr|||| ||||
008 180224s2017 mx |||||s|||| 00||0 spa d
020 |a 978-607-8463-30-5 
035 |a 20995 
040 |a vLex 
090 |c 7399  |d 7399 
100 1 |a Maca̕s Valadez Treviǫ, Francisco Javier 
245 1 0 |a Medios electrn̤icos en materia fiscal  |h [Recurso electrn̤ico] :  |b La eliminacin̤ del papel /  |c Francisco Javier Maca̕s Valadez Treviǫ 
256 |a Servicio en ln̕ea 
260 |a Mx̌ico DF:  |b Instituto Mexicano de Contadores Pb︢licos,  |c 2017 
300 |a 1 recurso electrn̤ico 
506 1 |a Disponible solo en los productos indicados  |d vLex Global  |d vLex Global (Academic Edition, excluding Law Schools)  |d vLex Global (U.S. Academic Edition, Law Schools)  |d vLex Global (U.S. Academic Edition, excluding Law Schools)  |d vLex Global (Academic Edition, Law Schools) 
650 0 4 |a Derecho Fiscal  |z Mx̌ico 
740 0 |a vLex Libros (Servicio en ln̕ea) 
856 4 0 |u http://vlex.com/source/medios-electronicos-materia-fiscal-20995  |z Acceso restringido 
942 |c BOOK 
999 0 |a Tax Law